Landen met een letter - Y - Statistieken

Algemene statistieken
  • Deze quiz is 122 keer genomen
  • De gemiddelde score is 5 van 8
Antwoordstatistieken
Categorie Land % Correct
1 x Y Paraguay
86%
1 x Y Uruguay
86%
1 x Y Guyana
71%
1 x Y Myanmar
60%
1 x Y Seychellen
57%
1 x Y Syrië
48%
1 x Y Egypte
45%
1 x Y Cyprus
40%
Geen overeenkomende quizzen gevonden
Scoreverdeling
Procent van Mensen met Elke Score
Percentiel versus Aantal Correcte Antwoorden
Uw Scoregeschiedenis
U heeft deze quiz nog niet genomen